Введение в политологию: книга для учащихся

Dades bibliogràfiques
Altres autors: Гаджиев К. С. (редактор)
Sumari:Исключено из фонда НТБ ТПУ
Idioma:rus
Publicat: Москва, Просвещение, 1994
Format: MixedMaterials Llibre
KOHA link:https://koha.lib.tpu.ru/cgi-bin/koha/opac-detail.pl?biblionumber=17966

MARC

LEADER 00000nam0a2200000 4500
001 17966
005 20231030191117.0
010 |a 5090042985 
035 |a (RuTPU)RU\TPU\book\18114 
035 |a BOOK00018183 
090 |a 17966 
100 |a 20011209d1994 m y0rusy50 ca 
101 0 |a rus 
102 |a RU 
105 |a y j 000zy 
200 1 |a Введение в политологию  |e книга для учащихся  |f под ред. К. С. Гаджиева 
210 |a Москва  |c Просвещение  |d 1994 
215 |a 256 с. 
333 |a Исключено из фонда НТБ ТПУ 
702 1 |a Гаджиев  |b К. С.  |4 340 
801 0 |a RU  |b 63413507  |c 20011209  |g PSBO 
801 2 |a RU  |b 63413507  |c 20210124  |g PSBO 
942 |c BK